000 00545nam a2200205Ia 4500
005 20240930071359.0
008 240331s9999 xx 000 0 und d
020 _a9789555078009
082 _bSUM
_a808
100 _aSumathy,S
245 0 _aLike myth and mother :
_ba political outobiography in poetry and prose
260 _aColombo
_bDepartment of English university of Peradeniya
_c2008
300 _a130 p .,
650 _aFeminist
650 _aPolitics
650 _aPoetry
650 _aHistory
650 _aLanguage
942 _cL
999 _c4419
_d4419